Üçüncü beş yıl 1973-1977 (Record no. 5514)

MARC details
000 -BAŞLIK
Sabit Uzunlukta Kontrol Alanı 00975na a2200289 4500
001 - KONTROL NUMARASI
Denetim Alanı 18548
003 - KONTROL NUMARASI IDENTIFIER
Denetim Alanı MIRAKIL
005 - SON İŞLEM TARİHİ VE ZAMANI
Denetim Alanı 20181213155038.0
008 - SABİT-BOY VERİ ELEMANLARI - GENEL BİLGİLER
Sabit Uzunlukta Kontrol Alanı 161121b tu 000 0
040 ## - KATALOGLAMA KAYNAK
Orijinal Kataloglama Ajansı Milas
Kataloglama Dili tur
Metne Dönüştürmek Ajansı TR-AnCHP
041 ## - DİL KODU
Metin / Ses Parça Veya Ayrı Başlığın Dil Kodu tur
082 ## - DEWEY ONLU SINIFLANDIRMA NUMARASI
Sınıflandırma Numarası 338.9
Ürün Numarası B37y 1973
090 ## - SINIFLAMA NUMARASI
Sınıflama Numarası 338.9 B37y 1973
111 ## - ANA GİRİŞ - TOPLANTI ADI
Giriş Elemanı Olarak Toplantı Adı Veya Yargı Alanı Adı Beş Yıl
Toplantı Veya Antlaşma İmzalandığı Tarihi 1973-1977
Bölüm / Bölüm / Toplantı Sayısı 3.
245 ## - BAŞLIK TABLOSU
Başlık Üçüncü beş yıl 1973-1977
Başlığın Kalan Yeni strateji ve kalkınma planı
Sorumluluk Tablosu, Vb Devlet Planlama Teşkilatı (DPT)
246 ## - UNVAN FORM VARYING
Başlık Doğru / Kısa Başlığı Yeni strateji ve kalkınma planı
260 ## - YAYIN, DAĞITIM, VB
Yayın, Dağıtım, Vb Yeri Ankara
Yayıncı, Dağıtıcı, Vs Adı Başbakanlık Basımevi
Yayın, Dağıtım, Vb Tarihi 1973
300 ## - FİZİKSEL TANIM
Kapsam 1048 s.
Diğer Fiziksel Ayrıntıları tbl.;
Boyutlar 23 sm.
490 ## - SERİSİ TABLOSU
Seri Beyanı DPT
Hacim / Ardışık Tanımı 1272
500 ## - GENEL NOT
Genel Not Üçüncü beş yıl 1973-1977
610 ## - KONU KATMA GİRİŞ - TOPLANTI ADI
Giriş Elemanı Olarak Kurumsal Ad Veya Yargı Alanı Adı Devlet Planlama Teşkilatı (DPT)
Genel Alt Bölüm Kalkınma planları
650 ## - KONU KATMA GİRİŞ - TOPİKAL DÖNEM
Topikal Süreli Veya Coğrafi Ad Giriş Elemanı Kalkınma planı
Aktif Tarihleri 1973-1977
651 ## - KONU KATMA GİRİŞ - COĞRAFİ ADI
Coğrafi İsim Türkiye
Genel Alt Bölümü Beş yıllık kalkınma planları
710 ## - KATMA GİRİŞ - KURUMSAL ADI
Giriş Elemanı Olarak Kurumsal Ad Veya Yargı Alanı Adı Devlet Planlama Teşkilatı (DPT)
830 ## - SERİSİ EKLENDİ GİRİŞ - ÜNİFORM ADI
Üniforma Başlık Devlet Planlama Teşkilatı Yayınları
942 ## - EKLENDİ GİRİŞ ELEMANLARI (KOHA)
Sınıflandırma Veya Raf Düzeni Kaynak Dewey Decimal Classification
Koha Öğesi Türü Books
999 ## - SİSTEM KONTROL NUMARALARI (KOHA)
Koha Biblionumber 5514
Koha Biblioitemnumber 5514
Holdings
Kalıcı Konum Mevcut Konum Edinme Tarihi Edinim Kaynak Toplam Check-Out'Lar Tam Çağrı Numarası Barkod Tarih Son Görülme İtibaren Geçerli Fiyatlar Koha Öğesi Türü
CHP Kütüphanesi CHP Kütüphanesi 11/21/2016 Bağış   338.9 B37y 1973 009916 11/21/2016 11/21/2016 Books